000 00359nam a2200157Ia 4500
999 _c2661
_d2661
003 OSt
005 20190915101627.0
008 190902s9999||||xx |||||||||||||| ||und||
020 _a 978-1305632295
040 _cmaju
100 _aEugene F.Brigham
245 0 _aFinancial Management
260 _aIndia
_bS. Chand
_c2000
300 _a1051
942 _cBK
_2ddc